000 00965nas a2200301 4500
001 BR9505121
003 BR-BrBNA
005 20231205094203.0
007 ta
008 230509b bl.|||p| |||| 00| 00por d
040 _aBR-BrBNA
_bpor
_cBiblioteca Nacional de Agricultura
041 _a(Pt)
072 _aL01; L20
100 1 _aSoares, E.
100 1 _aNeiva, R.S.
100 1 _aSilva, A.R.P. da
100 1 _aOliveira, A.I.G. de
245 1 _aFatores de meio que influem na producao de leite no rebanho holandes preto e branco sa Fazenda Experimental de Tres Pontas da EPAMING no sul de Minas Gerais
650 _aRebanho
650 _aProducao Leiteira
650 _aMeio Ambiente
650 _aLactacao
650 _aFazenda Experimental
650 _aMinas Gerais
773 0 _tCiencia e Pratica (Brazil)
_xISSN 0100-3267
_g(Oct-Dec 1992), v. 16(4) p. 554-558
_wBR9505121
909 _a202311
_bLúcia
_c55
_dLúcia Elande
942 _2AGRIS
_n0
_cANA
999 _c142645
_d142645